MARC

LEADER 00000nam0a2200000 4500
001 306691
005 20231102001923.0
035 |a (RuTPU)RU\TPU\book\331968 
090 |a 306691 
100 |a 20151009d1977 m y0rusy50 ca 
101 0 |a rus 
102 |a RU 
105 |a a j 001zy 
200 1 |a Анализ процессов передачи информации с использованием теории массового обслуживания  |e учебное пособие  |f М. С. Фишгоп 
210 |a Горький  |c Изд-во ГГУ  |d 1977 
215 |a 73 с.  |c ил. 
320 |a Библиогр.: с. 72 
606 1 |a Информация  |x Передача  |x Автоматизация  |2 stltpush  |3 (RuTPU)RU\TPU\subj\12988  |9 39678 
610 1 |a учебные пособия 
610 1 |a теория массового обслуживания 
610 1 |a применение 
610 1 |a помехи 
610 1 |a дискретная информация 
610 1 |a запаздывание 
610 1 |a телемеханическая информация 
610 1 |a передача данных 
610 1 |a дублирование 
675 |a 621.391.3(075.8)  |v 3 
700 1 |a Фишгоп  |b М. С.  |g Марк Соломонович 
712 0 2 |a Горьковский государственный университет им. Н. И. Лобачевского (ГГУ)  |2 stltpush  |3 (RuTPU)RU\TPU\col\2603 
801 1 |a RU  |b 63413507  |c 20151009 
801 2 |a RU  |b 63413507  |c 20211028  |g RCR 
942 |c BK